| 000 | 01444nam a2200421 4500 | ||
|---|---|---|---|
| 001 | 48416 | ||
| 003 | ES-MaCES | ||
| 005 | 20161021135650.0 | ||
| 008 | 161021s2016 sp ||||| |||||||||||eng|d | ||
| 017 |
_aBI 957-2016 _bDL |
||
| 020 | _a9788415176671 | ||
| 040 |
_aES-MaCES _bspa _cES-MaCES |
||
| 041 |
_aeng _afre |
||
| 245 | 0 | 0 |
_aSeafarers _b: an international labour market in perspective = Gens de mer : un marché international du travail _ccoordinator, Patrick Chaumette ; authors, Corinne Bagoulla ... [et al.] |
| 260 |
_aNantes _bUniversity of Nantes |
||
| 260 |
_aBilbao _bGomylex _c2016 |
||
| 300 |
_a428 p. _c25 cm |
||
| 500 | _aTextos en inglés y francés | ||
| 541 | _cCompra | ||
| 650 | 4 |
_928447 _amarino |
|
| 650 | 4 |
_930419 _atripulación |
|
| 650 | 4 |
_930423 _apersonas empleadas a bordo de un barco |
|
| 650 | 4 |
_928051 _amarina mercante |
|
| 650 | 4 |
_928327 _acondiciones de trabajo |
|
| 650 | 4 |
_928362 _anegociación colectiva |
|
| 650 | 4 |
_930609 _anorma internacional del trabajo |
|
| 650 | 4 |
_927165 _aderecho del trabajo |
|
| 650 | 4 |
_927167 _aderecho marítimo |
|
| 650 | 4 |
_926684 _aderecho internacional |
|
| 650 | 4 |
_929866 _aderecho comunitario |
|
| 650 | 4 |
_926752 _aUE |
|
| 653 | 1 | 0 | _aRelaciones laborales-Empleo |
| 700 | 1 |
_99526 _aChaumette, Patrick _ecoord. |
|
| 700 | 1 |
_937434 _aBagoulla, Corinne |
|
| 710 | 1 |
_937433 _aUniversité de Nantes _eed. |
|
| 902 | _aLIB Libro | ||
| 942 |
_2CES _cBK _h2.0. |
||
| 999 |
_c48416 _d48416 |
||